Two Truths and a Lie - Mathematics (Easy Version) - Statistics

General Stats
  • This quiz has been taken 93 times
  • The average score is 8 of 10
Answer Stats
Question Answer % Correct
Which statement is false? 24 + 37 = 51
100%
Which statement is false? 1034 is greater than 1043
93%
Which statement is false? 1 kilometer equals 1000 meters, so 1 square kilometer equals 1000 square meters
93%
Which statement is false? 24 × 12 = 24 × 1 + 24 × 2 = 24 + 48 = 72
80%
Which statement is false? Rounding 37.5 to the nearest integer gives 37
80%
Which statement is false? The following things are the same: ¼, 1 ∶ 4, 1 ÷ 4
80%
Which statement is false? You can divide by zero
80%
Which statement is false? 30 ÷ (2 × 3) = 30 ÷ 2 × 3 = 15 × 3 = 45
67%
Which statement is false? Area of a circle = 2πr, where r is the radius
67%
Which statement is false? The expression 25 ÷ 4 + 1 does not equal any numerical value because 25 is not divisible by 4
67%
No matching quizzes found
Score Distribution
Percent of People with Each Score
Percentile by Number Answered
Your Score History
You have not taken this quiz